| 000 | 01107nam a2200265 a 4500 | ||
|---|---|---|---|
| 999 |
_c20275 _d20275 |
||
| 005 | 20180731111744.0 | ||
| 008 | 180731s2017 ck o||||d|||| 00| 0 spa d | ||
| 020 | _a9789586643603 | ||
| 040 |
_aCO-BoIAVH _cCO-BoIAVH |
||
| 041 | 0 | _aspa | |
| 044 | _ack | ||
| 082 | 0 | 4 |
_a720.9861 _bB22b |
| 110 | 2 | _aBanco de la República (Bogotá) | |
| 245 | 1 | 0 |
_aBanco de la República : _barquitectura, cultura, patrimonio / _ctextos Andres Arias Vásquez y Luis Fernando Carrasco Zaldúa ; fotografía Antrnio Castañeda Buraglia y Oscar Monsalve |
| 260 |
_aBogotá (Colombia) : _bBanco de la República, _c2017. |
||
| 300 |
_a192 páginas : _bfotgrafías ; _c29 x 24 cm. |
||
| 610 | 2 |
_aBanco de la República (Bogotá) _xArquitectura |
|
| 610 | 2 |
_aBanco de la República (Bogotá) _xHistoria |
|
| 650 | 2 | 6 |
_aPatrimonio cultural _zColombia |
| 700 | 1 |
_aArias, Andrés _eautor |
|
| 700 | 1 |
_aCarrasco Zaldúa, Luis Fernando _eautor |
|
| 700 | 1 |
_aCastañeda Buraglia, Antonio _efotografías |
|
| 700 | 1 |
_aMonsalve, Oscar _efotografías |
|
| 942 |
_2ddc _cLIBRO |
||